000 00916nam a22002657a 4500
003 DO-SdBPM
005 20251105101526.0
007 ta
008 151123b1989 ja ||| |||| 00| 0 spa d
040 _aDO-SdBPM
_bspa
_cBPMSU
_erda
082 4 _a 895.6
_bC965a 1989
_222
245 1 3 _aLos cuentos antiguos del Japón /
_credacción y traducción de Yasu Matsumoto ; prólogo Sergio González Gálvez.
260 _c
264 _aTokio, Japón :
_bSin nombre,
_c1989
300 _a52 páginas :
_bilustraciones ;
_c23 cm.
336 _atexto
_btxt
_2rdacontent
337 _asin meditación
_bn
_2rdamedia
338 _avolumen
_bnc
_2rdacarrier
590 _aInventariado, 2025/VM
650 7 _aCuentos juveniles japoneses
_v Colecciones
700 1 _aMatsumoto, Yasu,
_etraductor
700 1 2 _aGonzález Gálvez, Sergio,
_eprólogo
910 _aVMateo V. Control de calidad. BPMSU
942 _2ddc
_cBK
999 _c8867
_d8867